000 00823nam a2200253 a 4500
008 951213s1978||||[C 0 slo c
020 _c26 Kčs.
_q(20000 výtl.)
040 _aSNK
_bslo
_cSNK
_eAACR2
041 1 _aslo
_hfre
044 _axo
_cSK
080 _a840-3
100 1 _aMarceau, Félicien
_4aut
245 1 0 _aĽahkonohá pastierka
_cFélicien Marceau ; Oľga Hirnerová, Lea Škanderová, Robert Brun, Karol Rosmány
250 _a1., vyd.
260 _aBratislava
_bSmena
_c1978
_eBratislava
_fPravda
300 _a225 s., 15,04 AH
_c20 cm
490 0 _aMáj
_vZv. 309.
500 _aTit. dvojlist. Spoluvyd. Mladá Fronta a Naše vojsko, Praha.
700 1 _aHirnerová, Oľga
_4trl
700 1 _aŠkanderová, Lea
_4[ADC]
700 1 _aBrun, Robert
_4bkd
700 1 _aRosmány, Karol
_4bkd
958 _aA
999 _c12192
_d12192